000
00318pab a2200145 454500
008
180718b1986 xxu||||| |||| 00| 0 eng d
100
_a
Varshneya, J.S.
245
_a
Bank nationalisation and after
260
_c
1986
300
_a
4-7,12
362
_a
16 July
650
_a
Banks
773
_a
Yojana
909
_a
4273
999
_c
4273
_d
4273